Ajax: (Record no. 1060)

MARC details
000 -LEADER
fixed length control field 00575nam a22001937a 4500
005 - DATE AND TIME OF LATEST TRANSACTION
control field 20230719084756.0
008 - FIXED-LENGTH DATA ELEMENTS--GENERAL INFORMATION
fixed length control field 230213b |||||||| |||| 00| 0 eng d
020 ## - INTERNATIONAL STANDARD BOOK NUMBER
International Standard Book Number 978-0-07-149429-8
082 ## - DEWEY DECIMAL CLASSIFICATION NUMBER
Classification number 005.7 H762 2009
100 ## - MAIN ENTRY--PERSONAL NAME
Personal name Holzner, Steven
Relator term author
245 ## - TITLE STATEMENT
Title Ajax:
Remainder of title a beginner's guide /
Statement of responsibility, etc. Steven Holzner
260 ## - PUBLICATION, DISTRIBUTION, ETC.
Place of publication, distribution, etc. New York:
Name of publisher, distributor, etc. McGraw-Hill,
Date of publication, distribution, etc. c2009.
300 ## - PHYSICAL DESCRIPTION
Extent xvii, 475p.:
Other physical details ill.
504 ## - BIBLIOGRAPHY, ETC. NOTE
Bibliography, etc. note Includes index
541 ## - IMMEDIATE SOURCE OF ACQUISITION NOTE
Accession number 1909
650 ## - SUBJECT ADDED ENTRY--TOPICAL TERM
Topical term or geographic name entry element Ajax (Website development)
650 ## - SUBJECT ADDED ENTRY--TOPICAL TERM
Topical term or geographic name entry element Websites - Design
650 ## - SUBJECT ADDED ENTRY--TOPICAL TERM
Topical term or geographic name entry element Java script (Computer program language)
Holdings
Withdrawn status Lost status Source of classification or shelving scheme Damaged status Not for loan Home library Current library Date acquired Total Checkouts Full call number Barcode Date last seen Copy number Price effective from Koha item type
    Dewey Decimal Classification     ctu-moalboal ctu-moalboal 01/17/2012   005.7 H762 2009 1909 02/13/2023 1 02/13/2023 Books-Reference